<?xml version="1.0" encoding="UTF-8"?><?xml-stylesheet type="text/xsl" href="static/style.xsl"?><OAI-PMH xmlns="http://www.openarchives.org/OAI/2.0/" xmlns:xsi="http://www.w3.org/2001/XMLSchema-instance" xsi:schemaLocation="http://www.openarchives.org/OAI/2.0/ http://www.openarchives.org/OAI/2.0/OAI-PMH.xsd"><responseDate>2026-06-02T02:34:21Z</responseDate><request verb="GetRecord" identifier="oai:riuma.uma.es:10630/12446" metadataPrefix="marc">https://riuma.uma.es/rest/oai/request</request><GetRecord><record><header><identifier>oai:riuma.uma.es:10630/12446</identifier><datestamp>2026-02-03T12:33:47Z</datestamp><setSpec>com_10630_2254</setSpec><setSpec>col_10630_37959</setSpec></header><metadata><record xmlns="http://www.loc.gov/MARC21/slim" xmlns:dcterms="http://purl.org/dc/terms/" xmlns:doc="http://www.lyncode.com/xoai" xmlns:xsi="http://www.w3.org/2001/XMLSchema-instance" xsi:schemaLocation="http://www.loc.gov/MARC21/slim http://www.loc.gov/standards/marcxml/schema/MARC21slim.xsd">
   <leader>00925njm 22002777a 4500</leader>
   <datafield ind2=" " ind1=" " tag="042">
      <subfield code="a">dc</subfield>
   </datafield>
   <datafield ind2=" " ind1=" " tag="720">
      <subfield code="a">Carpio Urquía, Juan</subfield>
      <subfield code="e">author</subfield>
   </datafield>
   <datafield ind2=" " ind1=" " tag="260">
      <subfield code="c">2016-11-23</subfield>
   </datafield>
   <datafield ind2=" " ind1=" " tag="520">
      <subfield code="a">ESPAÑA, IRAQ Y EL CUERPO JURÍDICO MILITAR&#xd;
&#xd;
El seminario impartido por D. Juan Urquía Carpio ha tratado en primer lugar sobre el acceso cuerpo jurídico militar. &#xd;
La segunda parte de la exposición versó sobre las normas aplicables a las misiones españolas en el extranjero, con especial atención al derecho internacional humanitario, así como el relato de la experiencia personal del ponente sobre la participación española en la operación “Inherent Resolve”. Esta misión, dirigida a prestar asistencia al estado iraquí en su lucha contra el Daesh, presenta una serie de peculiaridades que contrastan con el régimen normativo expuesto anteriormente.&#xd;
El contenido del seminario ha cumplido por tanto con las expectativas de quienes querían conocer los aspectos más prácticos de características y acceso a esta profesión, como los más teóricos relativos a las normas aplicables a las misiones españolas en el extranjero.</subfield>
   </datafield>
   <datafield ind1="8" ind2=" " tag="024">
      <subfield code="a">http://hdl.handle.net/10630/12446</subfield>
   </datafield>
   <datafield tag="653" ind2=" " ind1=" ">
      <subfield code="a">Ejército -- España</subfield>
   </datafield>
   <datafield ind2="0" ind1="0" tag="245">
      <subfield code="a">Irak y el cuerpo jurídico militar</subfield>
   </datafield>
</record>
</metadata></record></GetRecord></OAI-PMH>